La decisión de inversiones en la empresa (Registro nro. 2483)

Detalles MARC
000 -LEADER
fixed length control field 00757 a2200205 4500
001 - CONTROL NUMBER
control field 34655
005 - DATE AND TIME OF LATEST TRANSACTION
control field 20260407155633.0
008 - FIXED-LENGTH DATA ELEMENTS--GENERAL INFORMATION
fixed length control field 260407a1966 arg spa d
003 - CONTROL NUMBER IDENTIFIER
control field AR-UNSa-BCEJYS
040 ## - CATALOGING SOURCE
Original cataloging agency AR-UNSa-BCEJYS
Language of cataloging spa
Transcribing agency AR-UNSa-BCEJYS
080 ## - UNIVERSAL DECIMAL CLASSIFICATION NUMBER
Universal Decimal Classification number 658.15
Common auxiliary subdivision Administración financiera privada. Gestión financiera de empresas<br/>
100 1# - MAIN ENTRY--PERSONAL NAME
Personal name Wright, Robert E.
245 10 - TITLE STATEMENT
Title La decisión de inversiones en la empresa
264 #1 - PRODUCTION, PUBLICATION, DISTRIBUTION, MANUFACTURE, AND COPYRIGHT NOTICE
Place of production, publication, distribution, manufacture Bilbao :
Name of producer, publisher, distributor, manufacturer Ediciones Deusto
Date of production, publication, distribution, manufacture, or copyright notice 1966
300 ## - PHYSICAL DESCRIPTION
Extent 210 p.
Dimensions 21 cm.
505 ## - FORMATTED CONTENTS NOTE
Formatted contents note 1. Introducción - 2. Objetivos de los negocios - 3. La influencia de la incertidumbre - 4. Procedimientos de la decisión - 5. Conclusiones.
590 ## - LOCAL NOTE (RLIN)
Local note niveau_biblio:m niveau_hierar:0
700 1# - ADDED ENTRY--PERSONAL NAME
Personal name Gil Castro, Pablo
942 ## - ADDED ENTRY ELEMENTS (KOHA)
Koha item type
Existencias
Withdrawn status Lost status Damaged status Not for loan Home library Current library Shelving location Date acquired Total checkouts Full call number Barcode Date last seen Price effective from Koha item type
        Biblioteca Prof. Eusebio Cleto del Rey Biblioteca Prof. Eusebio Cleto del Rey   07/04/2026   658.15 W946 L25858 07/04/2026 07/04/2026 Libro
        Biblioteca Prof. Eusebio Cleto del Rey Biblioteca Prof. Eusebio Cleto del Rey   07/04/2026   658.15 W946 L25859 07/04/2026 07/04/2026 Libro